Statistics for Top 30 Artists 04/04/2023

Click here to take the quiz!

General Stats

  • This quiz has been taken 3 times
  • The average score is 2 of 45

Answer Stats

HintAnswer% Correct
18Ed Sheeran
67%
HNRJustin Bieber
67%
1Taylor Swift
67%
HNRMorgan Wallen
33%
4AJR
0%
HNRA R I Z O N A
0%
3Ben Rector
0%
13Brandi Carlile
0%
HNRCam
0%
RISECat Burns
0%
11Dagny
0%
12Drew Holcomb & The Neighbors
0%
27Galantis
0%
HNRGracie Abrams
0%
24Griff
0%
21Ingrid Andress
0%
HNRJake Scott
0%
17John Denver
0%
RISEJordy Searcy
0%
RISEJoy Oladokun
0%
14Julia Michaels
0%
9Kacey Musgraves
0%
15Kelsea Ballerini
0%
29Kygo
0%
HNRLANY
0%
20Lauv
0%
25Lennon Stella
0%
8LÉON
0%
RISELewis Capaldi
0%
RISELori McKenna
0%
10Maren Morris
0%
HNRMichael Franti & Spearhead
0%
19MUNA
0%
22NEEDTOBREATHE
0%
26Noah Kahan
0%
23NOTD
0%
30Olivia Rodrigo
0%
2Owl City
0%
6Quinn XCII
0%
HNRSeeb
0%
5Sigrid
0%
16Tyler Childers
0%
7Valley
0%
HNRWrabel
0%
28Zedd
0%

Score Distribution

Percentile by Number Answered

Percent of People with Each Score

Your Score History

You have not taken this quiz